000 00186 a2200097 4500
001 630
100 _aKing,R
245 _aElectrical Noise
260 _a
_bchapman
_c
090 _c231
_d231
942 _aNUST-CAE
_cM
_c14558
999 _c235703
_d235703